[Event "Robecchetto op-C 24th"]
[Site "Robecchetto"]
[Date "2013.12.30"]
[Round "6"]
[White "Gerosa, Ottavio"]
[Black "Palermiti, Francesco"]
[Result "1-0"]
[WhiteElo "1467"]
[BlackElo "1467"]
[PlyCount "81"]
[EventDate "2013.12.27"]
[EventType "swiss"]
[EventRounds "6"]
[EventCountry "ITA"]
[SourceTitle "EXT 2023"]
[Source "ChessBase"]
[SourceDate "2022.10.05"]
[SourceVersion "1"]
[SourceVersionDate "2022.10.05"]
[SourceQuality "1"]

1. e4 c5 2. Nc3 d6 3. Nf3 Nf6 4. a3 a6 5. Bc4 e6 6. Qe2 Nc6 7. d3 Be7 8. 0-0 0-0 9. h3 b5 10. Ba2 Bb7 11. Be3 Qc7 12. b4 Rfd8 13. Bf4 Nd4 14. Nxd4 cxd4 15. Nd1 Rac8 16. Rc1 e5 17. Bg3 a5 18. c3 axb4 19. axb4 Qb6 20. Kh1 Qa7 21. Qd2 h6 22. Ra1 Qb6 23. c4 bxc4 24. Bxc4 Nh5 25. Nb2 Bc6 26. Bb3 Bb5 27. Nc4 Bxc4 28. Bxc4 Rb8 29. Rfb1 Nxg3+ 30. fxg3 Ra8 31. Rxa8 Rxa8 32. Qf2 Bf6 33. Bd5 Ra3 34. Qc2 Rc3 35. Qe2 Qc7 36. b5 Rc1+ 37. Rxc1 Qxc1+ 38. Kh2 Qb1 39. Bc4 Kf8 40. Qg4 Bd8 41. Qd7 1-0

[Event "Varese op 9th"]
[Site "Varese"]
[Date "2009.10.18"]
[Round "6"]
[White "Gerosa, Ottavio"]
[Black "Mondini, Francesco"]
[Result "0-1"]
[WhiteElo "1425"]
[BlackElo "1472"]
[PlyCount "74"]
[EventDate "2009.10.10"]
[EventType "swiss"]
[EventRounds "6"]
[EventCountry "ITA"]
[SourceTitle "EXT 2024"]
[Source "ChessBase"]
[SourceDate "2023.10.10"]
[SourceVersion "1"]
[SourceVersionDate "2023.10.10"]
[SourceQuality "1"]

1. Nf3 Nf6 2. c4 e6 3. d4 Be7 4. Nc3 b6 5. Bf4 Bb7 6. e3 d6 7. Be2 Nbd7 8. 0-0 Nh5 9. Qd3 Nxf4 10. exf4 Nf6 11. f5 0-0 12. fxe6 fxe6 13. Ng5 Qd7 14. Rfe1 h6 15. Nh3 c5 16. Nf4 cxd4 17. Nd1 e5 18. Ng6 Be4 19. Qg3 Rfc8 20. Nxe7+ Qxe7 21. f3 Bh7 22. Nf2 Nh5 23. Qg4 Nf4 24. b3 Rf8 25. Nh3 Bf5 26. Qg3 Nxh3+ 27. gxh3 Rf6 28. Qh4 Rg6+ 29. Qg3 Rxg3+ 30. hxg3 Bxh3 31. Kf2 Qf6 32. Rh1 Bf5 33. Rag1 Be4 34. Rh4 Bc6 35. f4 e4 36. Ke1 d3 37. Bd1 e3 0-1

[Event "Varese op 9th"]
[Site "Varese"]
[Date "2009.10.11"]
[Round "4"]
[White "Gerosa, Ottavio"]
[Black "Centofante, Maria Rosa"]
[Result "0-1"]
[WhiteElo "1425"]
[BlackElo "1625"]
[PlyCount "84"]
[EventDate "2009.10.10"]
[EventType "swiss"]
[EventRounds "6"]
[EventCountry "ITA"]
[SourceTitle "EXT 2024"]
[Source "ChessBase"]
[SourceDate "2023.10.10"]
[SourceVersion "1"]
[SourceVersionDate "2023.10.10"]
[SourceQuality "1"]

1. Nf3 Nf6 2. d4 d5 3. Bg5 Ne4 4. Bh4 c6 5. Nfd2 Qa5 6. c3 Bf5 7. Nb3 Qc7 8. f3 Nd6 9. Bg3 e6 10. e3 Qb6 11. Bd3 Bxd3 12. Qxd3 Nc4 13. Qe2 Be7 14. 0-0 Nd7 15. a4 Qxb3 16. Rf2 0-0 17. f4 Nf6 18. f5 Ne4 19. Rf1 exf5 20. Rxf5 g6 21. Rf4 Bg5 22. Rf3 Qxb2 23. Qxb2 Nxb2 24. Be5 Nc4 25. Bf4 f6 26. Na3 Ncd2 27. Rh3 Nxc3 28. Bd6 Rfe8 29. Re1 Nde4 30. Bb4 Nxa4 31. Rb1 b5 32. Rc1 Rac8 33. Rf3 a5 34. Bxa5 Nd6 35. Bb4 Bxe3+ 36. Rxe3 Rxe3 37. Bxd6 Rc3 38. Rf1 f5 39. Nb1 Re3 40. Nd2 Nc3 41. Nf3 h6 42. Bf4 Ne2+ 0-1

[Event "Bergamo Province-ch"]
[Site "Bergamo"]
[Date "2006.11.10"]
[Round "6"]
[White "Brambilla, Augusto"]
[Black "Gerosa, Ottavio"]
[Result "0-1"]
[WhiteElo "1374"]
[BlackElo "1458"]
[PlyCount "98"]
[EventDate "2006.10.06"]
[EventType "swiss"]
[EventRounds "9"]
[EventCountry "ITA"]
[SourceTitle "EXT 2011"]
[Source "ChessBase"]
[SourceDate "2010.11.26"]
[SourceVersion "1"]
[SourceVersionDate "2010.11.26"]
[SourceQuality "1"]

1. e4 d6 2. d4 Nf6 3. Nc3 c6 4. h3 Qa5 5. Bd2 Qc7 6. Nf3 d5 7. exd5 cxd5 8. g3 e6 9. a3 Bd7 10. Ne5 a6 11. Nxd7 Nbxd7 12. Bf4 Bd6 13. Bxd6 Qxd6 14. Bg2 0-0 15. 0-0 Rac8 16. Qf3 Rfe8 17. Rfe1 Nf8 18. Rac1 Ng6 19. Re2 h5 20. Rce1 Qb6 21. Na4 Qxd4 22. b3 b5 23. c3 Qa7 24. Nb2 Qc5 25. b4 Qxc3 26. Qxc3 Rxc3 27. Re3 Rxe3 28. Rxe3 e5 29. Rc3 d4 30. Rc6 Ra8 31. a4 e4 32. Kf1 d3 33. Ke1 a5 34. axb5 a4 35. b6 Nd7 36. b7 Ra7 37. Rc8+ Kh7 38. Rc7 a3 39. b8Q Nxb8 40. Rxa7 axb2 41. Bxe4 b1Q+ 42. Kd2 Qc2+ 43. Ke3 Qe2+ 44. Kd4 d2 45. Bc2 Nc6+ 46. Kc3 Nxa7 47. Bd3 Qe1 48. Bc2 d1Q+ 49. Kb2 Qxb4+ 0-1

[Event "Bergamo Province-ch"]
[Site "Bergamo"]
[Date "2006.10.06"]
[Round "1"]
[White "Gerosa, Ottavio"]
[Black "Tentori, Giulio"]
[Result "0-1"]
[WhiteElo "1458"]
[BlackElo "1814"]
[PlyCount "44"]
[EventDate "2006.10.06"]
[EventType "swiss"]
[EventRounds "9"]
[EventCountry "ITA"]
[SourceTitle "EXT 2011"]
[Source "ChessBase"]
[SourceDate "2010.11.26"]
[SourceVersion "1"]
[SourceVersionDate "2010.11.26"]
[SourceQuality "1"]

1. e4 e5 2. Nf3 Nf6 3. Nxe5 d6 4. Nf3 Nxe4 5. Qe2 Qe7 6. d3 Nf6 7. Bg5 Be6 8. Nd4 Nbd7 9. Nc3 0-0-0 10. g3 h6 11. Bd2 Ne5 12. Bg2 Bg4 13. Qe3 a6 14. h3 c5 15. hxg4 cxd4 16. Qxd4 Nf3+ 17. Kd1 Nxd4 18. Re1 Qd7 19. Be3 Qxg4+ 20. Kc1 Nf3 21. Rh1 Ng5 22. f4 Qxg3 0-1